| 000 | 00351nam a2200145Ia 4500 | ||
|---|---|---|---|
| 008 | 230719s9999 xx 000 0 und d | ||
| 041 | _aeng | ||
| 082 |
_a813 _bDRA |
||
| 100 |
_aDrake B. _9203695 |
||
| 245 | _aThe Ardent Protector | ||
| 260 |
_c1982 _bDell Publishing Co.Inc. |
||
| 300 | _a219 | ||
| 365 |
_cRs. _b80.00 |
||
| 700 |
_aDrake B. _9203695 |
||
| 999 |
_c353955 _d353955 |
||